Labour welfare and social security in unorganised sector / (Record no. 7775)

MARC details
000 -LEADER
fixed length control field 00539 a2200169 4500
010 ## - LCCN (DPL NO)
LC control number ENG-88218
020 ## - INTERNATIONAL STANDARD BOOK NUMBER
International Standard Book Number 8184500271
Terms of availability 570.00
035 ## - SYSTEM CONTROL NUMBER
System control number EN-71751
037 ## - SOURCE OF ACQUISITION
Source of stock number/acquisition DBAD / PUB
082 14 - DEWEY DECIMAL CLASSIFICATION NUMBER
Classification number 344.54023
100 1# - MAIN ENTRY--PERSONAL NAME
Personal name Gupta, Meenakshi
245 1# - TITLE STATEMENT
Title Labour welfare and social security in unorganised sector /
Statement of responsibility, etc by Meenakshi Gupta
260 ## - PUBLICATION, DISTRIBUTION, ETC. (IMPRINT)
Place of publication, distribution, etc New Delhi
Name of publisher, distributor, etc Deep & Deep Publications
Date of publication, distribution, etc 2007
270 ## - ADDRESS
Address F-159, Rajouri Garden,
City New Delhi
Postal code 110 027
300 ## - PHYSICAL DESCRIPTION
Extent 174 p.
Dimensions 21 cm (Hb)
942 ## - ADDED ENTRY ELEMENTS (KOHA)
Institution code [OBSOLETE] dpl
Item type English Books
Source of classification or shelving scheme Dewey Decimal Classification
Classification part 344.54023
Call number suffix HAY
Holdings
Withdrawn status Lost status Not for loan Collection code Home library Current library Source of acquisition Cost, normal purchase price Full call number Barcode Copy number Cost, replacement price Koha item type
    Not For Loan Non-fiction D.B.Act.Division D.B.Act.Division DBAD/PUB 570.00 344.54023 HAY EN-71751 1 570.00 English Books

© Delhi Public Library
Hit Counter
free hit counter